Rashtrapita ki patrakarita (Record no. 356312)

MARC details
000 -LEADER
fixed length control field 00546nam a2200205 4500
005 - DATE & TIME
control field 20240726102933.0
008 - FIXED-LENGTH DATA ELEMENTS--GENERAL INFORMATION
fixed length control field 240725b |||||||| |||| 00| 0 eng d
020 ## - ISBN
International Standard Book Number 9789388684934
Price Rs. 495.00
040 ## - CATALOGING SOURCE
Original cataloging agency VIVEKANANDA LIBRARY
082 ## - DDC NUMBER
Classification number 070.92
Book Number T543R
100 ## - MAIN ENTRY--PERSONAL NAME
Personal name Tiwari, Arjun
245 ## - TITLE STATEMENT
Title Rashtrapita ki patrakarita
260 ## - PUBLICATION, DISTRIBUTION, ETC. (IMPRINT)
Place of publication, distribution, etc New Delhi
Name of publisher, distributor, etc Vani Prakashan
Date of publication, distribution, etc 2019
300 ## - PHYSICAL DESCRIPTION
Pages 216
650 ## - Subject
Subject Mahatma Gandhi-Journalism
650 ## - Subject
Subject Gandhi's Journalism in India
650 ## - Subject
Subject Gandhi- Father of the nation
942 ## - ADDED ENTRY ELEMENTS (KOHA)
Koha item type Books
Holdings
Withdrawn status Lost status Source of classification or shelving scheme Damaged status Not for loan Location (home branch) Sublocation or collection (holding branch) Shelving location Date acquired Koha issues (times borrowed) Koha full call number Accession No. Koha date last seen Koha item type
    Dewey Decimal Classification     VIVEKANANDA LIBRARY VIVEKANANDA LIBRARY Vivekananda Library 25/07/2024   070.92 T543R 408400 25/07/2024 Books
© Designed and Maintained by Vivekananda Library, MDU Rohtak